000
00298nam a2200121Ia 4500
008
191201s2013 xx 000 0 und d
100
_a
SINGH,Parbin
245
0
_a
Engineering and General Geology
260
_a
N. Delhi
_b
S.K.Kataria
_c
2013
300
_a
591
650
_a
B.Tech(CE)
942
_2
ddc
_c
BK
999
_c
6536
_d
6536